000 00747nam a2200205Ia 4500
003 GCL
005 20240530102348.0
008 140319s9999 xx 000 0 ara d
040 _aGCL /
_cGCL
082 0 4 _a341
_bم د
100 1 _aعزالدين فوده
245 1 0 _aالدولة الفلسطينية : دراسة سياسية قانونية فى ضوء احكام القانون الدولى /
_cعزالدين فوده
260 _a[S.N] :
_bالهيئة المصرية العامة للكتاب ،
_c1992
650 0 4 _aفلسطين
650 0 4 _aالقانون الدولى
650 0 4 _aالسياسة
650 0 4 _aالمنظمات السياسية
700 1 _aمحمد شوقى عبد العال حافظ
942 _2ddc
_cBK
999 _c31705
_d31705